| 000 | 00670nam a22001697a 4500 | ||
|---|---|---|---|
| 005 | 20260218160931.0 | ||
| 008 | 260218b |||||||| |||| 00| 0 eng d | ||
| 020 | _a9789387791602 | ||
| 040 | _cVITAP | ||
| 082 |
_223rd Ed. _a364.1524 HIN |
||
| 100 |
_aThe Hindu Group _917122 |
||
| 245 |
_aThe Assassination of Mahatma Gandhi _b: Trial & Verdict 1948-49 _c/ The Hindu Group |
||
| 260 |
_aChennai _bTHG (The Hindu Group) Publishing Private Limited _c2025 |
||
| 300 | _a456p. : ill. ; 24cm | ||
| 650 | 0 |
_aMahatma Gandhi, 1869–1948 - Assassination; Trials (Assassination) - India; Political crimes and offenses - India - History - 20th century _917128 |
|
| 942 |
_2ddc _cREF |
||
| 999 |
_c47295 _d47295 |
||